[Event "Kieler Open 2015 Gruppe A"]
[Site "Kiel"]
[Date "2015.07.30"]
[Round "8.14"]
[White "Janse, Alexander"]
[Black "Homuth, Manfred"]
[Result "1/2-1/2"]
[WhiteElo "1936"]
[BlackElo "2142"]
[PlyCount "75"]
[EventDate "2015.??.??"]

1. e4 c5 2. Nf3 d6 3. d4 cxd4 4. Nxd4 Nf6 5. Nc3 a6 6. Be3 e5 7. Nb3 Be7 8. h3
Be6 9. Qf3 O-O 10. O-O-O b5 11. g4 b4 12. Nd5 Bxd5 13. exd5 Nbd7 14. Kb1 Qc7
15. g5 Ne8 16. Bd3 a5 17. Nc1 Nc5 18. Bxc5 Qxc5 19. h4 Nc7 20. h5 f5 21. Bxf5
Bxg5 22. Qg4 Bh6 23. Qe4 Kh8 24. f3 Rab8 25. Ne2 Nb5 26. Bxh7 Nc3+ 27. bxc3
bxc3+ 28. Ka1 Qa3 29. Rb1 Rb2 30. Qc4 Rfb8 31. Nxc3 Kxh7 32. Rhd1 Kh8 33. Nb5
R8xb5 34. Qc8+ Kh7 35. Qf5+ Kg8 36. Qc8+ Kf7 37. Qd7+ Kf8 38. Qd8+ 1/2-1/2

[Event "Kieler Open 2015 Gruppe A"]
[Site "Kiel"]
[Date "2015.07.30"]
[Round "8.15"]
[White "Müller, Winus"]
[Black "Friedel, Marcus"]
[Result "0-1"]
[WhiteElo "1927"]
[BlackElo "2121"]
[PlyCount "92"]
[EventDate "2015.??.??"]

1. d4 d6 2. Nf3 Bg4 3. Nbd2 Nf6 4. h3 Bh5 5. e4 e6 6. Be2 d5 7. e5 Nfd7 8. O-O
c5 9. c3 Nc6 10. Nb3 cxd4 11. cxd4 Qb6 12. Be3 Be7 13. Rc1 O-O 14. Nh2 Bg6 15.
Bd3 Bxd3 16. Qxd3 a5 17. Ng4 a4 18. Rxc6 bxc6 19. Nc5 Nxc5 20. dxc5 Qa6 21. Qa3
Kh8 22. f4 h5 23. Nh2 f5 24. Nf3 Qb5 25. Rc1 Rfb8 26. Rc2 Qb7 27. Nd4 Qd7 28.
Ne2 g6 29. Qc3 Kg7 30. Nd4 Kf7 31. Bd2 Rg8 32. Nf3 Qb7 33. h4 Rgb8 34. a3 Qa6
35. Be1 Rb3 36. Qd4 Rab8 37. Bb4 Qb5 38. Qf2 Rxb4 39. axb4 Qxb4 40. g3 Rb5 41.
Ng5+ Ke8 42. Nxe6 Kd7 43. Nd4 Bxc5 44. e6+ Ke8 45. Rxc5 Qxc5 46. Nxb5 Qxf2+ 0-1

[Event "Kieler Open 2015 Gruppe A"]
[Site "Kiel"]
[Date "2015.07.30"]
[Round "8.16"]
[White "Saglam, Bülent"]
[Black "Weber, Benedikt"]
[Result "0-1"]
[WhiteElo "2102"]
[BlackElo "2009"]
[PlyCount "84"]
[EventDate "2015.??.??"]

1. e4 e5 2. f4 d5 3. exd5 e4 4. Bb5+ c6 5. dxc6 Nxc6 6. Qe2 Nf6 7. d3 Bf5 8.
dxe4 Nxe4 9. Nf3 Bc5 10. Bxc6+ bxc6 11. Be3 Bxe3 12. Qxe3 O-O 13. O-O Re8 14.
Re1 Nf6 15. Qc1 Rxe1+ 16. Qxe1 Qb6+ 17. Kh1 Qxb2 18. Nbd2 Re8 19. Ne5 Ng4 20.
Qc1 Qxc1+ 21. Rxc1 Nxe5 22. fxe5 Rxe5 23. Nf3 Ra5 24. Nd4 Be4 25. Ra1 Ra4 26.
Nb3 Bxc2 27. Rc1 Rxa2 28. Nd2 f5 29. Kg1 Bd3 30. Nf1 Be4 31. Ne3 f4 32. Nd1
Rxg2+ 33. Kf1 Rxh2 34. Nf2 Bd5 35. Ra1 g5 36. Rxa7 h5 37. Rd7 g4 38. Nd3 g3 39.
Nxf4 Rf2+ 40. Kg1 Rxf4 41. Rg7+ Kf8 42. Rf7+ Bxf7 0-1

[Event "Kieler Open 2015 Gruppe A"]
[Site "Kiel"]
[Date "2015.07.30"]
[Round "8.17"]
[White "Pick, Stefan"]
[Black "Rieper, Julian"]
[Result "1/2-1/2"]
[WhiteElo "2101"]
[BlackElo "1906"]
[PlyCount "102"]
[EventDate "2015.??.??"]

1. Nf3 d5 2. c4 c6 3. b3 Nf6 4. Bb2 Bf5 5. e3 Nbd7 6. d4 e6 7. Nc3 h6 8. Bd3
Bxd3 9. Qxd3 Bd6 10. O-O O-O 11. e4 dxe4 12. Nxe4 Nxe4 13. Qxe4 Re8 14. Rad1
Qc7 15. Rfe1 Rad8 16. Qg4 a5 17. d5 e5 18. dxc6 bxc6 19. Nh4 Bf8 20. Nf5 g6 21.
Ne3 Nc5 22. h4 e4 23. Rxd8 Rxd8 24. Bf6 Rd2 25. h5 Bg7 26. hxg6 Bxf6 27. gxf7+
Kxf7 28. Qh5+ Kg8 29. Qxc5 Qf4 30. Qf5 Rxf2 31. Qxf4 Rxf4 32. Rf1 Bd4 33. Rxf4
Bxe3+ 34. Rf2 Kg7 35. Kf1 Bxf2 36. Kxf2 Kf6 37. Ke3 Kf5 38. c5 Ke5 39. g4 Kd5
40. a3 Ke5 41. b4 axb4 42. axb4 Kd5 43. Kf4 Kd4 44. b5 e3 45. Kf3 Kd3 46. bxc6
e2 47. c7 e1=Q 48. c8=Q Qe4+ 49. Kf2 Qf4+ 50. Kg2 Qe4+ 51. Kh3 Qe3+ 1/2-1/2

[Event "Kieler Open 2015 Gruppe A"]
[Site "Kiel"]
[Date "2015.07.30"]
[Round "8.18"]
[White "Wanner, Lukas"]
[Black "Bracker, Arne"]
[Result "1/2-1/2"]
[WhiteElo "1944"]
[BlackElo "2256"]
[PlyCount "130"]
[EventDate "2015.??.??"]

1. d4 Nf6 2. Nf3 g6 3. c4 Bg7 4. e3 O-O 5. Be2 c5 6. d5 b5 7. cxb5 a6 8. Nc3
axb5 9. Bxb5 Ba6 10. Bxa6 Rxa6 11. O-O d6 12. Nd2 Nbd7 13. Nc4 Nb6 14. Nxb6
Qxb6 15. Qc2 Rb8 16. b3 Qb7 17. Bb2 c4 18. Rfb1 cxb3 19. axb3 Rb6 20. h3 Rxb3
21. Bc1 Nd7 22. Bd2 Bxc3 23. Rxb3 Qxb3 24. Qxc3 Qxd5 25. Qc7 Qxd2 26. Qxd7 Rb2
27. Rf1 e6 28. Qc7 Rc2 29. Qd8+ Kg7 30. Qh4 h6 31. Qe4 Qc3 32. Rd1 d5 33. Qf3
Qb2 34. h4 Qf6 35. Qg3 Qb2 36. Qf3 Rc1 37. Rxc1 Qxc1+ 38. Kh2 Qc7+ 39. g3 Qc3
40. Kg2 Qd3 41. Kg1 d4 42. Qf4 dxe3 43. fxe3 Qd1+ 44. Kf2 Qc2+ 45. Kg1 Qc5 46.
Kg2 Qf5 47. Qb4 Qe5 48. e4 g5 49. hxg5 hxg5 50. Kf3 Kg6 51. Qe1 f5 52. exf5+
Qxf5+ 53. Kg2 g4 54. Qe3 {=} 54... e5 55. Qb6+ Kh5 56. Qd8 e4 57. Qh8+ Kg6 58.
Qg8+ Kf6 59. Qf8+ Ke5 60. Qc5+ Ke6 61. Qc8+ Kf6 62. Qf8+ Kg5 63. Qg7+ Qg6 64.
Qe5+ Kh6 65. Qh8+ Kg5 1/2-1/2

[Event "Kieler Open 2015 Gruppe A"]
[Site "Kiel"]
[Date "2015.07.30"]
[Round "8.19"]
[White "Haffner, Alexander"]
[Black "Raddatz, Michael"]
[Result "1-0"]
[WhiteElo "2136"]
[BlackElo "2011"]
[PlyCount "121"]
[EventDate "2015.??.??"]

1. d4 Nf6 2. c4 e6 3. Nf3 b6 4. a3 Bb7 5. Nc3 d5 6. cxd5 exd5 7. Bg5 Be7 8.
Bxf6 Bxf6 9. e3 O-O 10. Bd3 Re8 11. O-O Nd7 12. Rc1 a6 13. b4 g6 14. b5 a5 15.
Qb3 Be7 16. a4 Nf6 17. Ne5 Bd6 18. f4 Qe7 19. Rf3 Rad8 20. Rcf1 Rf8 21. Qc2 Ne8
22. Rg3 Ng7 23. Rh3 Bxe5 24. fxe5 Bc8 25. Rhf3 Nh5 26. h3 Be6 27. g4 Ng7 28.
Rf6 Qd7 29. Qg2 Qe7 30. Rc1 Qd7 31. Be2 Qe7 32. Rff1 Qg5 33. Nd1 Rd7 34. Kh2
Ne8 35. Qg3 Qe7 36. Nc3 Qg5 37. Qf4 Qe7 38. Qg3 Qg5 39. Rf4 Qe7 40. Bd3 Qa3 41.
Rff1 Qe7 42. Ne2 Ng7 43. Nc3 Rdd8 44. Ne2 Rd7 45. Nf4 Qg5 46. Rc6 Qe7 47. h4
Kh8 48. Rfc1 Rc8 49. Rg1 Rdd8 50. Qf2 Rf8 51. h5 g5 52. Nh3 f6 53. exf6 Rxf6
54. Qg3 h6 55. Rgc1 Ne8 56. Qe5 Qf7 57. Rf1 Kg8 58. Bg6 Qe7 59. Rxf6 Nxf6 60.
Qxe6+ Qxe6 61. Rxe6 1-0

[Event "Kieler Open 2015 Gruppe A"]
[Site "Kiel"]
[Date "2015.07.30"]
[Round "8.20"]
[White "Horn, Peter"]
[Black "Lorenzen, Jan-Hendrik"]
[Result "1/2-1/2"]
[WhiteElo "2110"]
[BlackElo "2018"]
[PlyCount "82"]
[EventDate "2015.??.??"]

1. c4 f5 2. g3 Nf6 3. Bg2 e6 4. Nf3 Be7 5. O-O O-O 6. d3 d6 7. Nc3 c6 8. b4 Ne8
9. Qb3 Kh8 10. e4 e5 11. d4 fxe4 12. Nxe4 d5 13. cxd5 cxd5 14. Nc3 e4 15. Ne5
Nc7 16. Be3 Nc6 17. b5 Nxe5 18. dxe5 Be6 19. Rad1 Qe8 20. Qb2 b6 21. f3 exf3
22. Bxf3 Rd8 23. a4 Rxf3 24. Rxf3 Bg4 25. Rff1 Bxd1 26. Nxd1 d4 27. Bf4 Bc5 28.
Kg2 Qe6 29. Qe2 Nd5 30. Qf3 h6 31. Nf2 Ne3+ 32. Bxe3 dxe3 33. Ng4 Rf8 34. Qe2
Rxf1 35. Kxf1 Qf5+ 36. Kg2 Qe4+ 37. Qf3 Qc2+ 38. Kh3 e2 39. Nf6 gxf6 40. Qxf6+
Kg8 41. Qe6+ Kf8 1/2-1/2

[Event "Kieler Open 2015 Gruppe A"]
[Site "Kiel"]
[Date "2015.07.30"]
[Round "8.21"]
[White "Sieweck, Philipp"]
[Black "Schäfer, Martin"]
[Result "0-1"]
[WhiteElo "2076"]
[BlackElo "1978"]
[PlyCount "94"]
[EventDate "2015.??.??"]

1. e4 c6 2. d4 d5 3. e5 Bf5 4. Nf3 e6 5. Be2 h6 6. Be3 Qb6 7. b3 Nd7 8. O-O Qc7
9. Nh4 Bh7 10. Bd3 Bxd3 11. Qxd3 Be7 12. Nf3 Bd8 13. c4 Ne7 14. Bc1 Ng6 15. Nc3
a6 16. Nd2 O-O 17. f4 f5 18. g4 Rf7 19. Nf3 Ne7 20. h3 Nf8 21. a4 b6 22. Ra2
Qd7 23. Be3 Neg6 24. Ne2 Nh4 25. Nxh4 Bxh4 26. g5 Qd8 27. Qd2 Rd7 28. c5 b5 29.
Kh2 Rb7 30. Ng1 bxa4 31. bxa4 Rab8 32. Nf3 Ng6 33. Rg1 hxg5 34. Nxg5 Bxg5 35.
Rxg5 Nf8 36. Qg2 Qe7 37. Ra1 Nh7 38. Rg6 Nf8 39. Rg5 Nh7 40. Rg6 Nf8 41. Rg3
Rb1 42. Ra2 R8b3 43. Qf3 R3b2+ 44. Rg2 Rxa2 45. Rxa2 Qb7 46. Rg2 Rb3 47. h4 Qe7
0-1

[Event "Kieler Open 2015 Gruppe A"]
[Site "Kiel"]
[Date "2015.07.30"]
[Round "8.22"]
[White "Thesing, Ansgar"]
[Black "Koop, Sören"]
[Result "0-1"]
[WhiteElo "1916"]
[BlackElo "2070"]
[PlyCount "22"]
[EventDate "2015.??.??"]

1. e4 e5 2. Nc3 Nf6 3. g3 Nc6 4. Bg2 Bc5 5. d3 a6 6. Nge2 d6 7. O-O Be6 8. Nd5
Nd4 9. Bg5 Bg4 10. Ndc3 Nf3+ 11. Kh1 Nxg5 0-1

[Event "Kieler Open 2015 Gruppe A"]
[Site "Kiel"]
[Date "2015.07.30"]
[Round "8.23"]
[White "Pluska, Alexander"]
[Black "Rosenburg, Hauke"]
[Result "1/2-1/2"]
[WhiteElo "2030"]
[BlackElo "1862"]
[PlyCount "107"]
[EventDate "2015.??.??"]

1. d4 d5 2. c4 Nf6 3. cxd5 Nxd5 4. e4 Nf6 5. Nc3 e6 6. Bd3 c5 7. d5 exd5 8.
exd5 Bd6 9. Bg5 h6 10. Bh4 O-O 11. Nge2 Nbd7 12. O-O Bxh2+ 13. Kxh2 Ng4+ 14.
Kg3 Ndf6 {=} 15. Bxf6 Qd6+ 16. f4 Qxf6 17. Ne4 Qe7 18. d6 Qe6 19. f5 Qe5+ 20.
Kxg4 h5+ 21. Kh3 c4 22. Bc2 Bxf5+ 23. Rxf5 Qxf5+ 24. Kh2 Qe5+ 25. Kh1 f5 26.
N4c3 Qf6 27. Qd4 Qh6 28. Nd5 Qxd6 29. Qxc4 Kh8 30. Qh4 g6 31. Nef4 Rae8 32. Qg5
Kh7 33. Bb3 Re4 34. Rc1 Rf7 35. Rc7 Re1+ 36. Kh2 Rxc7 37. Nf6+ Kg7 38. Qxg6+
Kf8 39. Qg8+ Ke7 40. Qf7+ Kd8 41. Qg8+ Ke7 {=} 42. N6d5+ Kd7 43. Qf7+ Kc6 44.
Qxc7+ Qxc7 45. Nxc7 Kxc7 46. Nxh5 Re2 47. Ng3 Rxb2 48. Nxf5 b5 {=} 49. Kg3 a5
50. Ne3 a4 51. Bf7 b4 52. Kf3 b3 53. axb3 a3 54. b4 1/2-1/2

[Event "Kieler Open 2015 Gruppe A"]
[Site "Kiel"]
[Date "2015.07.30"]
[Round "8.24"]
[White "Hilbig, Dieter"]
[Black "Werner, René"]
[Result "1-0"]
[WhiteElo "2067"]
[BlackElo "1885"]
[PlyCount "99"]
[EventDate "2015.??.??"]

1. e4 c5 2. Nc3 d6 3. f4 Nc6 4. Nf3 Nf6 5. Bb5 Bd7 6. O-O g6 7. d3 Bg7 8. Qe1
O-O 9. Bxc6 Bxc6 10. Qh4 d5 11. f5 dxe4 12. dxe4 Nd7 13. Ng5 h6 14. fxg6 e6 15.
gxf7+ Rxf7 16. Rxf7 hxg5 17. Bxg5 Qe8 18. Re7 Qg6 19. Rf1 Rf8 20. Rxg7+ Qxg7
21. Rxf8+ Nxf8 22. Bf6 Qg6 23. Qg5 Kf7 24. Qxg6+ Nxg6 25. Bg5 a6 26. Kf2 Ne5
27. h4 Kg6 28. b3 Kh5 29. Kg3 b5 30. Ne2 Kg6 31. Bf4 Nd7 32. Kf3 Kh5 33. Bg5
Ne5+ 34. Kf4 Ng6+ 35. Ke3 Nxh4 36. Bxh4 Kxh4 37. Kf4 Kh5 38. Ke5 Kg4 39. Nf4
Kg3 40. Nxe6 Kxg2 41. Nxc5 Kf3 42. Kd6 Bxe4 43. Nxe4 Kxe4 44. c4 Kd4 45. c5 Kc3
46. c6 Kb2 47. c7 Kxa2 48. c8=Q Kxb3 49. Qxa6 b4 50. Kc5 1-0

[Event "Kieler Open 2015 Gruppe A"]
[Site "Kiel"]
[Date "2015.07.30"]
[Round "8.25"]
[White "Reinhardt, Johannes"]
[Black "Quiring, Nikolai"]
[Result "1-0"]
[WhiteElo "1875"]
[BlackElo "2060"]
[PlyCount "28"]
[EventDate "2015.??.??"]

1. e4 e6 2. b3 d5 3. Bb2 dxe4 4. Nc3 f5 5. f3 exf3 6. Nxf3 Nf6 7. Bc4 c6 8. Qe2
Nd5 9. O-O-O Na6 10. Bxa6 bxa6 11. Ne5 Nxc3 12. dxc3 Qg5+ 13. Kb1 c5 14. Qf3
Be7 1-0

[Event "Kieler Open 2015 Gruppe A"]
[Site "Kiel"]
[Date "2015.07.30"]
[Round "8.26"]
[White "Saß, Patrick"]
[Black "Keller, Harald"]
[Result "1/2-1/2"]
[WhiteElo "1878"]
[BlackElo "2041"]
[PlyCount "55"]
[EventDate "2015.??.??"]

1. Nf3 Nf6 2. b3 d5 3. Bb2 c5 4. e3 Nc6 5. Bb5 Bd7 6. O-O e6 7. Bxc6 Bxc6 8.
Ne5 Bb5 9. d3 Be7 10. Nd2 O-O 11. f4 Rc8 12. c4 dxc4 13. dxc4 Bc6 14. Nxc6 Rxc6
15. Qc2 Rd6 16. Bxf6 Bxf6 17. Rad1 Qe7 18. Ne4 Rdd8 19. Rxd8 Rxd8 20. Rd1 b6
21. Rd3 Ba1 22. Qd1 Rxd3 23. Qxd3 h6 24. Qd6 Qh4 25. Qd1 Bb2 26. g3 Qe7 27. Qd2
Ba1 28. Qd1 1/2-1/2

[Event "Kieler Open 2015 Gruppe A"]
[Site "Kiel"]
[Date "2015.07.30"]
[Round "8.27"]
[White "Lippmann, Kai"]
[Black "Kiep, Fabian"]
[Result "1-0"]
[WhiteElo "1971"]
[BlackElo "1703"]
[PlyCount "51"]
[EventDate "2015.??.??"]

1. c4 g6 2. Nc3 Bg7 3. g3 e5 4. Bg2 d6 5. e3 Ne7 6. Nge2 O-O 7. O-O c6 8. d4
Na6 9. b3 Nc7 10. Ba3 exd4 11. Nxd4 Ne8 12. Rc1 Qa5 13. Bb2 Be6 14. Nxe6 fxe6
15. Bh3 e5 16. Qc2 Nc7 17. a3 b5 18. b4 Qb6 19. cxb5 cxb5 20. Ne4 Ne8 21. Rfd1
Rd8 22. Ng5 Rf6 23. Qb3+ d5 24. Bxe5 Rc6 25. Rxc6 Qxc6 26. Be6+ 1-0

[Event "Kieler Open 2015 Gruppe A"]
[Site "Kiel"]
[Date "2015.07.30"]
[Round "8.28"]
[White "Gutschenreiter, Dorian"]
[Black "Boyens, Birger"]
[Result "1/2-1/2"]
[WhiteElo "1865"]
[BlackElo "1969"]
[PlyCount "116"]
[EventDate "2015.??.??"]

1. e4 c5 2. Nf3 a6 3. d4 cxd4 4. Nxd4 e5 5. Nb3 Nf6 6. Nc3 Bb4 7. Bd2 O-O 8.
Bd3 Nc6 9. O-O d5 10. Nxd5 Nxd5 11. exd5 Qxd5 12. Qh5 g6 13. Qh4 Bxd2 14. Nxd2
Bf5 15. Bxf5 Qxd2 16. Rfd1 Qb4 17. Qxb4 Nxb4 18. Be4 f5 19. a3 Nc6 20. Bd5+ Kg7
21. Bxc6 bxc6 22. Rd7+ Rf7 23. Rad1 Ra7 24. R7d6 Rac7 25. f3 Rf6 26. Rd8 Rff7
27. Re8 Rfe7 28. Rxe7+ Rxe7 29. Rd6 Rc7 30. Re6 Rb7 31. b3 Rc7 32. Rxe5 Kf6 33.
Re8 Rd7 34. c4 Rd1+ 35. Kf2 Ra1 36. Rc8 Rxa3 37. Rxc6+ Ke5 38. b4 f4 39. b5
Ra2+ 40. Kf1 axb5 41. cxb5 Ra1+ 42. Ke2 Ra2+ 43. Kd3 Rxg2 44. Rc2 Rg1 45. Rb2
Rd1+ 46. Kc4 Rc1+ 47. Kb4 Kd6 48. Ka5 Kc7 49. b6+ Kb7 50. Rb4 g5 51. h4 h6 52.
hxg5 hxg5 53. Rb3 {=} 53... Re1 54. Rb2 Rf1 55. Rg2 Rxf3 56. Rxg5 Ra3+ 57. Kb4
Rg3 58. Rf5 Kxb6 1/2-1/2

[Event "Kieler Open 2015 Gruppe A"]
[Site "Kiel"]
[Date "2015.07.30"]
[Round "8.29"]
[White "Gutschenreiter, Donato"]
[Black "Möller, Dustin"]
[Result "1/2-1/2"]
[WhiteElo "1639"]
[BlackElo "1947"]
[PlyCount "102"]
[EventDate "2015.??.??"]

1. c4 Nf6 2. e3 e6 3. Ne2 d5 4. cxd5 exd5 5. Nbc3 c6 6. g3 Bf5 7. Bg2 Bd6 8. d4
O-O 9. O-O Re8 10. Re1 Nbd7 11. Bd2 Nf8 12. Qb3 Qe7 13. f3 Qd7 14. g4 Bg6 15.
Nf4 Rad8 16. Bh3 Qc7 17. Rac1 Ne6 18. Nb5 Qb6 19. Nxd6 Qxb3 20. axb3 Rxd6 21.
Bb4 Rdd8 22. Nxe6 fxe6 23. Bc5 a6 24. Bb6 Rc8 25. Bg2 Nd7 26. Ba5 b6 27. Bc3 c5
28. Red1 b5 29. Ra1 Rc6 30. Rdc1 e5 31. dxe5 b4 32. Bxb4 Rb6 33. Bc3 Nxe5 34.
Bxe5 Rxe5 35. Rc3 d4 36. exd4 cxd4 37. Rc8+ Re8 38. Rxe8+ Bxe8 39. f4 Bf7 40.
b4 d3 41. Rd1 Bc4 42. Be4 Rxb4 43. Rd2 Bb5 44. Bxd3 Rxf4 45. h3 Rf3 46. Bxb5
axb5 47. Kg2 Rb3 48. Rf2 g6 49. h4 g5 50. h5 Rb4 51. Kg3 Rb3+ 1/2-1/2

[Event "Kieler Open 2015 Gruppe A"]
[Site "Kiel"]
[Date "2015.07.30"]
[Round "8.30"]
[White "Bosselmann, Tom Linus"]
[Black "Lehr, Thomas"]
[Result "1/2-1/2"]
[WhiteElo "1701"]
[BlackElo "1939"]
[PlyCount "57"]
[EventDate "2015.??.??"]

1. d4 Nf6 2. c4 d6 3. Nc3 c6 4. e4 e5 5. d5 Be7 6. f3 O-O 7. Bd3 Ne8 8. Nge2
Na6 9. Be3 Nb4 10. Bb1 a5 11. a3 Na6 12. O-O c5 13. f4 Bf6 14. fxe5 Bxe5 15.
Bf4 f6 16. Qd2 Bd7 17. Bc2 Nac7 18. a4 Qe7 19. Rf2 g6 20. Bxe5 fxe5 21. Rxf8+
Kxf8 22. Rf1+ Kg8 23. Ng3 Na6 24. Qh6 Nb4 25. Bb1 Qg7 26. Qe3 Nc7 27. h4 Rf8
28. Rxf8+ Kxf8 29. h5 1/2-1/2

[Event "Kieler Open 2015 Gruppe A"]
[Site "Kiel"]
[Date "2015.07.30"]
[Round "8.31"]
[White "Schulz, Toni"]
[Black "Götz, Dirk"]
[Result "1/2-1/2"]
[WhiteElo "1895"]
[BlackElo "1798"]
[PlyCount "74"]
[EventDate "2015.??.??"]

1. d4 d5 2. Nf3 Nf6 3. Bf4 e6 4. e3 Nbd7 5. Bd3 g6 6. Nbd2 Bg7 7. c3 b6 8. Ne5
Nxe5 9. dxe5 Nd7 10. Nf3 h6 11. h4 Bb7 12. Qc2 Qe7 13. Qa4 c6 14. b4 b5 15. Qc2
Nb6 16. Nd4 Nd7 17. a4 a6 18. Nf3 Rc8 19. O-O Nb6 20. a5 Nd7 21. Qe2 O-O 22. e4
f5 23. exf6 Qxf6 24. Bd6 Rfe8 25. e5 Qf7 26. Qc2 Nf8 27. Rae1 Rcd8 28. Bc5 Rd7
29. Re3 Qf4 30. g3 Qg4 31. Kg2 g5 32. Nh2 Qh5 33. Bxf8 c5 34. Bg6 d4+ 35. Rf3
d3 36. Bxh5 dxc2 37. Bd6 Bxe5 1/2-1/2

[Event "Kieler Open 2015 Gruppe A"]
[Site "Kiel"]
[Date "2015.07.30"]
[Round "8.32"]
[White "Berenstein, Alexander"]
[Black "Sommer, Stefan"]
[Result "1-0"]
[WhiteElo "2030"]
[BlackElo "1729"]
[PlyCount "129"]
[EventDate "2015.??.??"]

1. d4 d5 2. c4 c6 3. Nf3 Nf6 4. Bf4 dxc4 5. a4 Bf5 6. Nc3 e6 7. e3 Bb4 8. Bxc4
O-O 9. Qb3 Qe7 10. O-O Nbd7 11. h3 b6 12. Rfe1 Ne4 13. Rad1 Bd6 14. Nxe4 Bxe4
15. Bg5 Qe8 16. Nd2 Bg6 17. f4 h6 18. Bh4 c5 19. Rf1 cxd4 20. exd4 Be7 21. Bf2
Nf6 22. Rfe1 Qd8 23. g3 Rc8 24. Kh2 Bd6 25. Be3 Nd5 26. Bf2 Bh5 27. Be2 Bxe2
28. Rxe2 Rc7 29. Nc4 Be7 30. Ne5 Qd6 31. Be1 Rfc8 32. Qf3 Bf6 33. Qh5 Bxe5 34.
fxe5 Qd7 35. Bd2 Qxa4 36. Rf2 Qxd4 37. Re1 Nf6 38. exf6 Rc5 39. Qg4 Qxg4 40.
hxg4 g5 41. Bc3 Rc4 42. Kh3 a5 43. Rd1 a4 44. Be1 b5 45. Ra1 Kh7 46. Ra3 Re4
47. Ra1 Kg6 48. Bc3 Ra8 49. Re1 Rc4 50. Be5 Rd8 51. Rfe2 Rd5 52. Re4 Rc2 53.
R1e2 Rc1 54. Kg2 Rc6 55. Kf2 Ra6 56. Rb4 a3 57. bxa3 Rxa3 58. Rd4 Rc5 59. Rd8
Ra7 60. Rg8+ Kh7 61. Rg7+ Kh8 62. Rd2 Rc8 63. Bb2 Rb7 64. Kf3 Ra7 65. Rh2 1-0

[Event "Kieler Open 2015 Gruppe A"]
[Site "Kiel"]
[Date "2015.07.30"]
[Round "8.33"]
[White "Laufenburg, Frank"]
[Black "Wegemund, Hubert"]
[Result "1-0"]
[WhiteElo "1746"]
[BlackElo "1873"]
[PlyCount "95"]
[EventDate "2015.??.??"]

1. Nf3 f5 2. b3 d6 3. d4 c5 4. dxc5 Qa5+ 5. Qd2 Qxc5 6. Bb2 Nf6 7. Nc3 a6 8.
Na4 Qc7 9. Bxf6 gxf6 10. c4 Nc6 11. e3 Rg8 12. g3 h5 13. Be2 e6 14. Nd4 Qf7 15.
Nxc6 bxc6 16. Nb6 Rb8 17. Nxc8 Rxc8 18. c5 Rd8 19. Qa5 Rh8 20. Qxa6 dxc5 21.
Qxc6+ Qd7 22. Qxd7+ Kxd7 23. Rd1+ Bd6 24. h4 Ra8 25. a4 Rhb8 26. Bc4 Ke7 27.
Ke2 Be5 28. Rd3 Rg8 29. Rhd1 Ra7 30. Kd2 Rg4 31. Kc2 f4 32. exf4 Bd4 33. R1d2
e5 34. fxe5 fxe5 35. Rf3 Kd6 36. Rf6+ Kc7 37. Re2 Ra8 38. Rh6 Rf8 39. Rxh5 Rxf2
40. Rxf2 Bxf2 41. Rg5 Rxg3 42. Rxg3 Bxg3 43. h5 Kb6 44. Kd3 Bh4 45. h6 Ka5 46.
Ke4 Bf6 47. h7 Kb4 48. Kf5 1-0

[Event "Kieler Open 2015 Gruppe A"]
[Site "Kiel"]
[Date "2015.07.30"]
[Round "8.34"]
[White "Schumacher, Horst"]
[Black "Schulz, Gerhard"]
[Result "0-1"]
[WhiteElo "1815"]
[BlackElo "1858"]
[PlyCount "42"]
[EventDate "2015.??.??"]

1. e4 e6 2. d4 d5 3. Be3 dxe4 4. Nd2 Nf6 5. f3 Be7 6. fxe4 O-O 7. Ngf3 b6 8.
Bd3 Bb7 9. Qe2 Nbd7 10. c3 c5 11. O-O Rc8 12. Rac1 Ng4 13. h3 Nxe3 14. Qxe3
cxd4 15. cxd4 e5 16. Nb3 Rxc1 17. Rxc1 exd4 18. Nfxd4 Bg5 19. Qe1 Bxc1 20. Qxc1
Nc5 21. Nxc5 Qxd4+ 0-1

[Event "Kieler Open 2015 Gruppe A"]
[Site "Kiel"]
[Date "2015.07.30"]
[Round "8.35"]
[White "Millgramm, Stephan"]
[Black "Rohmann, Volker"]
[Result "1/2-1/2"]
[WhiteElo "1846"]
[BlackElo "1841"]
[PlyCount "94"]
[EventDate "2015.??.??"]

1. e4 e5 2. Nf3 Nc6 3. Bb5 a6 4. Ba4 Nf6 5. O-O b5 6. Bb3 Be7 7. Re1 d6 8. c3
O-O 9. d4 Bg4 10. d5 Na5 11. Bc2 c6 12. b4 Nc4 13. a4 cxd5 14. exd5 Qc7 15. a5
Rac8 16. h3 Bh5 17. Bf5 Rcd8 18. g4 Bg6 19. Nh4 Rfe8 20. Nxg6 hxg6 21. Be4 Nxe4
22. Rxe4 f5 23. Re1 Rf8 24. f3 Bh4 25. Rf1 Qa7+ 26. Kg2 e4 27. Ra2 exf3+ 28.
Rxf3 fxg4 29. hxg4 Rxf3 30. Qxf3 Rf8 31. Qe4 Qf7 32. Qe6 Re8 33. Qxf7+ Kxf7 34.
Kh3 g5 35. Kg2 Re1 36. Rc2 Kf6 37. Na3 Ne5 38. c4 Nd3 39. cxb5 Nxb4 40. Bb2+
Ke7 41. bxa6 Nxc2 42. a7 Ne3+ 43. Kf3 Nxd5 44. a8=Q Re3+ 45. Kg2 Nf4+ 46. Kg1
Re1+ 47. Kh2 Re2+ 1/2-1/2

[Event "Kieler Open 2015 Gruppe A"]
[Site "Kiel"]
[Date "2015.07.30"]
[Round "8.36"]
[White "Eberhardt, Michael"]
[Black "Karlisch, Moritz"]
[Result "0-1"]
[WhiteElo "1827"]
[BlackElo "1722"]
[PlyCount "71"]
[EventDate "2015.??.??"]

1. d4 d5 2. c4 c6 3. cxd5 cxd5 4. Bf4 Nf6 5. Nc3 Nc6 6. e3 a6 7. Bd3 e6 8. Nf3
Nh5 9. Bg5 Be7 10. Bxe7 Qxe7 11. O-O Nf6 12. Rc1 O-O 13. Qe2 Rd8 14. Rfd1 Bd7
15. e4 dxe4 16. Nxe4 Nd5 17. g3 Ncb4 18. Bb1 Bb5 19. Qe1 a5 20. a3 Nc6 21. Rc5
Ba4 22. Rdc1 Rac8 23. Nc3 Nxd4 24. Nxd5 Nxf3+ 25. Kf1 Qd6 26. Qe3 Rxc5 27. Rxc5
exd5 28. Rxa5 Nxh2+ 29. Kg1 Ng4 30. Qd3 Qh6 31. Qxh7+ Qxh7 32. Bxh7+ Kxh7 33.
Rxa4 d4 34. Kf1 d3 35. Rxg4 d2 36. Rh4+ 0-1

[Event "Kieler Open 2015 Gruppe A"]
[Site "Kiel"]
[Date "2015.07.30"]
[Round "8.37"]
[White "Wunderlich, Matthias"]
[Black "GutierrezBolado, Juan Antonio"]
[Result "1-0"]
[WhiteElo "1730"]
[BlackElo "1669"]
[PlyCount "37"]
[EventDate "2015.??.??"]

1. Nc3 d5 2. e4 d4 3. Nce2 e5 4. Ng3 Nf6 5. Bc4 Nbd7 6. Nf3 Be7 7. O-O O-O 8.
d3 c5 9. Nf5 Ne8 10. Nxe7+ Qxe7 11. Bg5 Qd6 12. Nh4 Nef6 13. Nf5 Qb6 14. Bb3
Qc7 15. Qf3 Qd8 16. Qg3 Kh8 17. Bh6 Nh5 18. Bxg7+ Kg8 19. Nh6# 1-0

[Event "Kieler Open 2015 Gruppe A"]
[Site "Kiel"]
[Date "2015.07.30"]
[Round "8.38"]
[White "Rosenkranz, Bernd-Christian"]
[Black "Thormeier, Johannes"]
[Result "1-0"]
[WhiteElo "1708"]
[BlackElo "1432"]
[PlyCount "165"]
[EventDate "2015.??.??"]

1. e4 c6 2. Nc3 d5 3. Nf3 dxe4 4. Nxe4 Nd7 5. d4 e6 6. Bd3 Ngf6 7. Ng3 c5 8. c3
cxd4 9. Nxd4 Bc5 10. Nb3 Be7 11. O-O O-O 12. Qe2 a5 13. Re1 Qc7 14. Nh5 Nxh5
15. Qxh5 g6 16. Qh3 e5 17. Qf3 Nf6 18. Qe2 a4 19. Nd2 Bc5 20. Ne4 Nxe4 21. Bxe4
Be6 22. Bh6 Rfe8 23. Qf3 Rab8 24. Qf6 Bf8 25. Bxf8 Rxf8 26. h4 h5 27. Bxg6 Bg4
28. Be4 Rfd8 29. Qg5+ Kf8 30. f3 Qb6+ 31. Kh2 Be6 32. Qxe5 Qxb2 33. Qc5+ Ke8
34. Reb1 Qd2 35. Qe5 Rbc8 36. Rxb7 Qxc3 37. Qb5+ Kf8 38. Qb4+ Kg8 39. Qb1 Qe5+
40. Kh1 Rd2 41. Rb5 Rc5 42. Rxc5 Qxc5 43. Qb8+ Qf8 44. Qf4 Qg7 45. Qb8+ Qf8 46.
Qe5 Qg7 {=} 47. Qxg7+ Kxg7 48. a3 Kf6 49. Kh2 Ke5 50. Kg3 f5 51. Bc6 f4+ 52.
Kh2 Bd7 53. Re1+ Kf6 54. Bxd7 Rxd7 55. Re4 Kf5 56. Rxa4 Rd5 57. Ra8 Ke5 58. Rh8
Kd4 59. a4 Ke3 60. Rg8 Ra5 61. Rg5 Rxa4 62. Rxh5 Ra1 63. Rg5 Ra6 64. Kh3 Ra1
65. h5 Kf2 66. Kh2 Ra6 67. Rg6 Ra5 68. Kh3 Rxh5+ 69. Kg4 Ra5 70. Kxf4 Ra4+ 71.
Kg5 Kxg2 72. f4 Kg3 73. f5 Ra5 74. Kh6+ Kf4 75. f6 Ra7 76. Rg7 Ra6 77. Kg6 Rb6
78. Re7 Ra6 79. Kg7 Ra5 80. f7 Rg5+ 81. Kf8 Rh5 82. Re1 Kf5 83. Ke8 1-0

[Event "Kieler Open 2015 Gruppe A"]
[Site "Kiel"]
[Date "2015.07.30"]
[Round "8.40"]
[White "Röhl, Manfred"]
[Black "Friedel, Roland"]
[Result "1/2-1/2"]
[WhiteElo "1826"]
[BlackElo "1691"]
[PlyCount "34"]
[EventDate "2015.??.??"]

1. d4 d5 2. Nf3 Nf6 3. e3 e6 4. Bd3 b6 5. Nbd2 Bb7 6. O-O c5 7. c3 Nbd7 8. Qe2
Bd6 9. e4 dxe4 10. Nxe4 Nxe4 11. Bxe4 Bxe4 12. Qxe4 O-O 13. Be3 Nf6 14. Qh4 Nd5
15. Bg5 Be7 16. Bxe7 Qxe7 17. Qxe7 Nxe7 1/2-1/2

[Event "Kieler Open 2015 Gruppe A"]
[Site "Kiel"]
[Date "2015.07.31"]
[Round "9.1"]
[White "Baramidze, David"]
[Black "Lindborg, Petter"]
[Result "1-0"]
[WhiteElo "2596"]
[BlackElo "2197"]
[PlyCount "29"]
[EventDate "2015.??.??"]

1. e4 e6 2. d4 d5 3. Nd2 Nc6 4. Ngf3 Nf6 5. e5 Nd7 6. Bd3 f6 7. exf6 Qxf6 8.
O-O Bd6 9. Nb3 e5 10. c4 e4 11. cxd5 exf3 12. dxc6 O-O 13. Qxf3 Qh4 14. Qd5+
Kh8 15. g3 1-0